000 00956nam a2200265Ia 4500
003 OSt
005 20221005103944.0
006 a|||||r|||| 00| 0
007 ta
008 221004b |||||||| |||| 00| 0 hin d
020 _a9788179171974 (hbk)
_cINR 475.00
024 _a66222
037 _bGV719, 09/03/2020, Vani Prakashan
_cTextual
040 _aCRL
_cCRL
_bhin
041 _2hin
_ahin
082 _aX, 152Q7
100 _aरॉबिन्सन, जोन, ले.
245 0 _aआर्थिक संवृद्धि का सिद्धांत
246 _aĀrthik sanvṛuddhi kā siddhāanta
260 _aदिल्ली
_bग्रंथ शिल्पी भारत
_c2017
300 _a157पृ0
_ccm.
650 _aअर्थशास्त्र
942 _hX, 152Q7
_cTEXL
_2cc
999 _c1011381
_d1011381